Easy Soccer Quiz - Statistics

General Stats
  • This quiz has been taken 44 times
  • The average score is 4 of 5
Answer Stats
Question Answer % Correct
Who won the 2025 Ballon Dor Dembele
92%
Who has the most Ballon dors Messi
92%
Who won the 2014 World Cup Germany
70%
What team won the 2024-2025 Premier League Liverpool
68%
Who has The most goals in Soccer history Ronaldo
65%
No matching quizzes found
Score Distribution
Percent of People with Each Score
Percentile by Number Answered
Your Score History
You have not taken this quiz